Movies Quiz

Random Movies or Year Quiz
Score 0/17 Timer 07:00
0 Plays Today
% Correct
1968
82.7%
1984
78.6%
1982
78.6%
1980
77%
1979
76.4%
2016
67.8%
1997
67.2%
1995
65.4%
2002
64.6%
% Correct
2014
64.2%
1977
61.7%
1976
59.5%
2010
55.8%
2012
55.6%
2006
50.3%
2009
48.1%
2007
44.4%
Remove Ads.
Support Sporcle.
Get the best of Sporcle when you Go Orange. This ad-free experience offers more features, more stats, and more fun while also helping to support Sporcle. Thank you for becoming a member.

You're not logged in!

Compare scores with friends on all Sporcle quizzes.
OR
Log In

Show Comments

Extras

Top Quizzes Today


Score Distribution

Your Account Isn't Verified!

In order to create a playlist on Sporcle, you need to verify the email address you used during registration. Go to your Sporcle Settings to finish the process.

Report this User

Report this user for behavior that violates our Community Guidelines.

Details: